000 00513nam a2200169 4500
001 145470
003 ES-MaACL
005 20230906201235.0
007 t|
008 070214s1960 sp r ||||1| spa d
100 1 _aSpiazzi, Raimondo.
_9107711
245 1 0 _aEnciclopedia mariana
_b: `Tholocos` /
_cRaimondo Spiazzi ; traducción de Francisco Aparicio.
260 _aMadrid :
_bStudium,
_c1960.
300 _a930 p. ;
_c26 cm.
700 1 _aAparicio, Francisco.
_922048
852 _aES-MaACL
_jC-19619
_bR.47415
999 _c145470
_d145470